[Event "C10"]
[Site "?"]
[Date "2020.08.30"]
[Round "6.8"]
[White "Futyma, Dawid"]
[Black "Majcher, Igor"]
[Result "0-1"]
[BlackElo "1365"]
[WhiteElo "1077"]
[LiveChessVersion "1.4.8"]

1. Nf3 {[%clk 0:03:03]} d5 {[%clk 0:03:03]} 2. e3 {[%clk 0:03:04]} Nc6
{[%clk 0:03:04]} 3. Bb5 {[%clk 0:03:05]} Bd7 {[%clk 0:03:05]} 4. Bxc6 Bxc6
{[%clk 0:03:06]} 5. b3 {[%clk 0:03:06]} e6 {[%clk 0:03:07]} 6. Ne5
{[%clk 0:03:06]} Bd6 {[%clk 0:03:06]} 7. Bb2 {[%clk 0:03:06]} Nf6
{[%clk 0:03:06]} 8. Nxc6 {[%clk 0:03:05]} bxc6 {[%clk 0:03:07]} 9. f4
{[%clk 0:03:04]} O-O {[%clk 0:03:07]} 10. O-O {[%clk 0:03:04]} Qe7
{[%clk 0:03:08]} 11. d3 {[%clk 0:03:00]} Bc5 {[%clk 0:03:06]} 12. d4
{[%clk 0:02:55]} Bd6 {[%clk 0:03:06]} 13. Nd2 {[%clk 0:02:50]} Bb4
{[%clk 0:03:04]} 14. c3 {[%clk 0:02:49]} Bd6 {[%clk 0:03:05]} 15. c4
{[%clk 0:02:50]} Bb4 {[%clk 0:03:02]} 16. a4 {[%clk 0:02:40]} Bxd2
{[%clk 0:03:03]} 17. Qxd2 {[%clk 0:02:40]} Ne4 {[%clk 0:03:04]} 18. Qe2
{[%clk 0:02:31]} Nd6 {[%clk 0:03:02]} 19. Rac1 {[%clk 0:02:28]} Qd7
{[%clk 0:03:01]} 20. Ba3 {[%clk 0:02:26]} Rfb8 {[%clk 0:03:00]} 21. cxd5
{[%clk 0:02:18]} cxd5 {[%clk 0:02:59]} 22. Qc2 {[%clk 0:02:16]} Nf5
{[%clk 0:02:58]} 23. Qxc7 {[%clk 0:02:07]} Qxc7 {[%clk 0:02:55]} 24. Rxc7
{[%clk 0:02:07]} Rxb3 {[%clk 0:02:55]} 25. Bc5 {[%clk 0:02:03]} Nxe3
{[%clk 0:02:55]} 26. Rc1 {[%clk 0:01:57]} Rb2 {[%clk 0:02:53]} 27. Bxa7
{[%clk 0:01:43]} h6 {[%clk 0:02:46]} 28. Rc8+ {[%clk 0:01:32]} Rxc8
{[%clk 0:02:47]} 29. Rxc8+ {[%clk 0:01:33]} Kh7 {[%clk 0:02:48]} 30. Rc3
{[%clk 0:01:32]} Rxg2+ {[%clk 0:02:43]} 31. Kh1 {[%clk 0:01:27]} Re2
{[%clk 0:02:42]} 32. Kg1 {[%clk 0:01:20]} Nc4 {[%clk 0:02:40]} 33. Bc5
{[%clk 0:01:07]} Ra2 {[%clk 0:02:38]} 34. Rb3 {[%clk 0:00:54]} Rxa4
{[%clk 0:02:37]} 35. Rb7 {[%clk 0:00:53]} Kg6 {[%clk 0:02:36]} 36. Kf2
{[%clk 0:00:48]} Ra2+ {[%clk 0:02:36]} 37. Kf3 {[%clk 0:00:45]} Rxh2
{[%clk 0:02:37]} 38. Ba7 {[%clk 0:00:33]} Rb2 {[%clk 0:02:35]} 39. Rc7
{[%clk 0:00:29]} Rb3+ {[%clk 0:02:34]} 40. Ke2 {[%clk 0:00:27]} Re3+
{[%clk 0:02:31]} 41. Kf2 {[%clk 0:00:29]} Re4 {[%clk 0:02:30]} 42. Kg3
{[%clk 0:00:29]} Ne3 {[%clk 0:02:24]} 43. Kf3 {[%clk 0:00:25]} Nf5
{[%clk 0:02:25]} 44. Rb7 {[%clk 0:00:15]} Nxd4+ {[%clk 0:02:25]} 45. Bxd4
{[%clk 0:00:12]} Rxd4 {[%clk 0:02:27]} 46. Rb3 {[%clk 0:00:12]} f6
{[%clk 0:02:25]} 47. Rb2 {[%clk 0:00:12]} Rc4 {[%clk 0:02:24]} 48. Rg2+
{[%clk 0:00:12]} Kf7 {[%clk 0:02:25]} 49. Ke3 {[%clk 0:00:10]} Re4+
{[%clk 0:02:25]} 50. Kf3 {[%clk 0:00:11]} g6 {[%clk 0:02:24]} 51. Rb2
{[%clk 0:00:11]} h5 {[%clk 0:02:21]} 52. Rb7+ {[%clk 0:00:12]} Kg8
{[%clk 0:02:21]} 53. Rb8+ {[%clk 0:00:11]} Kh7 {[%clk 0:02:22]} 54. Rb7+
{[%clk 0:00:11]} Kh6 {[%clk 0:02:23]} 55. Rf7 {[%clk 0:00:09]} g5
{[%clk 0:02:16]} 56. Rxf6+ {[%clk 0:00:09]} Kg7 {[%clk 0:02:15]} 57. fxg5
{[%clk 0:00:09]} Re5 {[%clk 0:02:15]} 58. Kf4 {[%clk 0:00:08]} Rf5+
{[%clk 0:02:04]} 59. Rxf5 {[%clk 0:00:04]} exf5 {[%clk 0:02:05]} 60. Kxf5
{[%clk 0:00:04]} h4 {[%clk 0:02:06]} 61. Kg4 {[%clk 0:00:04]} d4 {[%clk 0:02:07]}
62. Kxh4 {[%clk 0:00:04]} d3 {[%clk 0:02:08]} 63. Kg3 {[%clk 0:00:05]} d2
{[%clk 0:02:10]} 64. Kf4 {[%clk 0:00:07]} d1=Q {[%clk 0:02:10]} 65. Kf5
{[%clk 0:00:08]} Qd3+ {[%clk 0:02:11]} 66. Ke5 {[%clk 0:00:09]} Qg3+
{[%clk 0:02:11]} 67. Kf5 {[%clk 0:00:10]} Qf3+ {[%clk 0:02:12]} 68. Ke5
{[%clk 0:00:11]} Kg6 {[%clk 0:02:12]} 69. Ke6 {[%clk 0:00:13]} Kxg5
{[%clk 0:02:12]} 70. Ke5 {[%clk 0:00:14]} Qf5+ {[%clk 0:02:13]} 71. Kd6
{[%clk 0:00:16]} Kf6 {[%clk 0:02:13]} 72. Kc6 {[%clk 0:00:16]} Qe5
{[%clk 0:02:14]} 73. Kd7 {[%clk 0:00:17]} Kf7 {[%clk 0:02:12]} 74. Kc6
{[%clk 0:00:18]} Qd4 {[%clk 0:02:13]} 75. Kc7 {[%clk 0:00:17]} Qd5
{[%clk 0:02:13]} 76. Kb6 {[%clk 0:00:18]} Qc4 {[%clk 0:02:14]} 77. Kb7
{[%clk 0:00:19]} Qc5 {[%clk 0:02:15]} 78. Ka6 {[%clk 0:00:20]} Qb4
{[%clk 0:02:16]} 79. Ka7 {[%clk 0:00:20]} Ke7 {[%clk 0:02:17]} 80. Ka6
{[%clk 0:00:20]} Kd7 {[%clk 0:02:18]} 81. Ka7 {[%clk 0:00:20]} Kc7
{[%clk 0:02:20]} 82. Ka8 {[%clk 0:00:20]} Qb8# 0-1

[Event "C10"]
[Site "?"]
[Date "2020.08.30"]
[Round "6.9"]
[White "Rozanski, Mateusz"]
[Black "Dunda, Szymon"]
[Result "0-1"]
[BlackElo "1283"]
[WhiteElo "1343"]
[LiveChessVersion "1.4.8"]

1. e4 {[%clk 0:03:02]} c5 {[%clk 0:03:03]} 2. Nf3 {[%clk 0:03:03]} e6
{[%clk 0:03:04]} 3. d4 {[%clk 0:03:04]} cxd4 {[%clk 0:03:05]} 4. Nxd4
{[%clk 0:03:05]} a6 {[%clk 0:03:06]} 5. Nc3 {[%clk 0:03:06]} Qc7 {[%clk 0:03:07]}
6. Be3 {[%clk 0:03:06]} b5 {[%clk 0:03:08]} 7. a3 {[%clk 0:03:07]} Bb7
{[%clk 0:03:09]} 8. f3 {[%clk 0:03:08]} d6 {[%clk 0:03:09]} 9. Qd2
{[%clk 0:03:08]} Nf6 {[%clk 0:03:10]} 10. Be2 {[%clk 0:03:08]} Be7
{[%clk 0:03:11]} 11. Nb3 {[%clk 0:03:02]} Nbd7 {[%clk 0:03:08]} 12. O-O
{[%clk 0:02:53]} O-O {[%clk 0:03:08]} 13. Bd3 {[%clk 0:02:42]} d5
{[%clk 0:03:04]} 14. Rae1 {[%clk 0:02:31]} Rac8 {[%clk 0:02:51]} 15. exd5
{[%clk 0:02:22]} Nxd5 {[%clk 0:02:51]} 16. Nxd5 {[%clk 0:02:14]} Bxd5
{[%clk 0:02:52]} 17. Bf4 {[%clk 0:02:07]} Qb7 {[%clk 0:02:46]} 18. Be3
{[%clk 0:01:49]} Bf6 {[%clk 0:02:41]} 19. Nc1 {[%clk 0:01:22]} Bxb2
{[%clk 0:02:39]} 20. Qb4 {[%clk 0:01:03]} Bc3 {[%clk 0:02:38]} 21. Qb1
{[%clk 0:01:02]} Bxe1 {[%clk 0:02:38]} 22. Rxe1 {[%clk 0:01:01]} Nf6
{[%clk 0:02:31]} 23. Qb4 {[%clk 0:00:59]} Bc4 {[%clk 0:02:30]} 24. Bd4
{[%clk 0:00:50]} Nd5 {[%clk 0:02:21]} 25. Qd6 {[%clk 0:00:46]} Bxd3
{[%clk 0:02:18]} 26. Nxd3 {[%clk 0:00:45]} Qc7 {[%clk 0:02:02]} 27. Qc5
{[%clk 0:00:30]} Qxc5 {[%clk 0:02:01]} 28. Nxc5 {[%clk 0:00:30]} Rfd8
{[%clk 0:01:55]} 29. c3 {[%clk 0:00:30]} Nxc3 {[%clk 0:01:47]} 30. Bxc3
{[%clk 0:00:22]} Rxc5 {[%clk 0:01:48]} 31. Bb4 {[%clk 0:00:23]} Rcd5
{[%clk 0:01:45]} 32. Kf2 {[%clk 0:00:23]} h6 {[%clk 0:01:45]} 33. Kg3
{[%clk 0:00:22]} Rd1 {[%clk 0:01:35]} 34. Re2 {[%clk 0:00:22]} R1d5
{[%clk 0:01:33]} 35. Rc2 {[%clk 0:00:22]} Kh7 {[%clk 0:01:32]} 36. Kh3
{[%clk 0:00:22]} Rg5 {[%clk 0:01:23]} 37. g4 {[%clk 0:00:22]} Rgd5
{[%clk 0:01:23]} 38. Kg3 {[%clk 0:00:21]} Rd3 {[%clk 0:01:23]} 39. h4
{[%clk 0:00:19]} Rb3 {[%clk 0:01:14]} 40. Rc7 {[%clk 0:00:19]} Kg8
{[%clk 0:01:11]} 41. Kf4 {[%clk 0:00:10]} Rdd3 {[%clk 0:01:10]} 42. Rc8+
{[%clk 0:00:10]} Kh7 {[%clk 0:01:10]} 43. Ke5 {[%clk 0:00:11]} Rxf3
{[%clk 0:01:06]} 44. Kd6 {[%clk 0:00:10]} Rb1 {[%clk 0:01:00]} 45. Ke7
{[%clk 0:00:10]} Rd1 {[%clk 0:00:55]} 46. Kf8 {[%clk 0:00:04]} Rfd3
{[%clk 0:00:51]} 47. Kxf7 {[%clk 0:00:05]} Rd7+ {[%clk 0:00:50]} 48. Kxe6
{[%clk 0:00:05]} R7d4 {[%clk 0:00:42]} 49. Kf5 {[%clk 0:00:06]} Rf1+
{[%clk 0:00:42]} 50. Ke5 {[%clk 0:00:07]} Rxg4 {[%clk 0:00:42]} 51. Ke6
{[%clk 0:00:07]} Rxh4 {[%clk 0:00:39]} 52. Ra8 {[%clk 0:00:08]} Re4+
{[%clk 0:00:36]} 53. Kd5 {[%clk 0:00:09]} Rg4 {[%clk 0:00:33]} 54. Rxa6
{[%clk 0:00:10]} h5 {[%clk 0:00:32]} 55. Ra8 {[%clk 0:00:07]} h4 {[%clk 0:00:31]}
56. Bd6 {[%clk 0:00:08]} Rd1+ {[%clk 0:00:29]} 57. Kc6 {[%clk 0:00:08]} Rc4+
{[%clk 0:00:27]} 58. Kxb5 {[%clk 0:00:07]} Re4 {[%clk 0:00:18]} 59. Bc7
{[%clk 0:00:08]} h3 {[%clk 0:00:18]} 60. Ra6 {[%clk 0:00:08]} Rd2
{[%clk 0:00:17]} 61. Rc6 {[%clk 0:00:07]} h2 {[%clk 0:00:17]} 62. Rc1
{[%clk 0:00:08]} Rg2 {[%clk 0:00:12]} 63. Rh1 {[%clk 0:00:09]} Ree2
{[%clk 0:00:10]} 64. Bb6 {[%clk 0:00:08]} Ra2 {[%clk 0:00:07]} 65. a4
{[%clk 0:00:09]} g5 {[%clk 0:00:07]} 66. a5 {[%clk 0:00:10]} g4 {[%clk 0:00:05]}
67. Bc7 {[%clk 0:00:09]} Rg1 {[%clk 0:00:04]} 68. Rxh2+ {[%clk 0:00:08]} Kg6
{[%clk 0:00:04]} 69. a6 {[%clk 0:01:07]} Rb1+ {[%clk 0:00:04]} 70. Kc6
{[%clk 0:01:07]} Rxa6+ {[%clk 0:00:05]} 71. Kd7 {[%clk 0:01:08]} Ra7
{[%clk 0:00:06]} 72. Rg2 {[%clk 0:01:08]} Kg5 {[%clk 0:00:06]} 73. Kd8
{[%clk 0:01:08]} Rd1+ {[%clk 0:00:06]} 74. Kc8 {[%clk 0:01:08]} Rc1
{[%clk 0:00:07]} 75. Kb8 {[%clk 0:01:09]} Raxc7 {[%clk 0:00:08]} 76. Ka8
{[%clk 0:01:09]} R7c4 {[%clk 0:00:08]} 77. Kb7 {[%clk 0:01:10]} R1c2
{[%clk 0:00:09]} 78. Rxc2 {[%clk 0:01:06]} Rxc2 {[%clk 0:00:10]} 0-1

[Event "C10"]
[Site "?"]
[Date "2020.08.30"]
[Round "6.10"]
[White "Suska, Szymon"]
[Black "Hartlinski, Tomasz"]
[Result "1-0"]
[BlackElo "1124"]
[WhiteElo "1325"]
[LiveChessVersion "1.4.8"]

1. e4 {[%clk 0:03:04]} c5 {[%clk 0:03:04]} 2. Nf3 {[%clk 0:03:04]} e6
{[%clk 0:03:05]} 3. d4 {[%clk 0:03:05]} cxd4 {[%clk 0:03:06]} 4. Nxd4
{[%clk 0:03:06]} Nc6 {[%clk 0:03:07]} 5. Nc3 {[%clk 0:03:06]} Nf6
{[%clk 0:03:08]} 6. Be3 {[%clk 0:03:07]} Bb4 {[%clk 0:03:08]} 7. f3
{[%clk 0:03:05]} d5 {[%clk 0:03:09]} 8. Nxc6 {[%clk 0:03:04]} bxc6
{[%clk 0:03:10]} 9. exd5 {[%clk 0:03:04]} Nxd5 {[%clk 0:03:11]} 10. Bd2
{[%clk 0:02:56]} Qh4+ {[%clk 0:03:01]} 11. g3 {[%clk 0:02:48]} Qd8
{[%clk 0:02:55]} 12. Nxd5 {[%clk 0:02:44]} Bxd2+ {[%clk 0:02:55]} 13. Qxd2
{[%clk 0:02:44]} Qxd5 {[%clk 0:02:55]} 14. Qxd5 {[%clk 0:02:44]} cxd5
{[%clk 0:02:56]} 15. O-O-O {[%clk 0:02:43]} Bd7 {[%clk 0:02:56]} 16. c4
{[%clk 0:02:35]} Rc8 {[%clk 0:02:54]} 17. Kb1 {[%clk 0:02:32]} dxc4
{[%clk 0:02:44]} 18. Rd4 {[%clk 0:02:06]} Bb5 {[%clk 0:02:38]} 19. b3
{[%clk 0:01:43]} Bd7 {[%clk 0:02:12]} 20. Bxc4 Ke7 {[%clk 0:02:10]} 21. Rhd1
{[%clk 0:01:33]} Rhd8 {[%clk 0:02:11]} 22. f4 {[%clk 0:01:27]} Bc6
{[%clk 0:02:09]} 23. Rxd8 {[%clk 0:01:27]} Rxd8 {[%clk 0:02:09]} 24. Rxd8
{[%clk 0:01:28]} Kxd8 {[%clk 0:02:10]} 25. Kc2 {[%clk 0:01:29]} Kc7
{[%clk 0:02:08]} 26. Kd3 {[%clk 0:01:29]} Kd6 {[%clk 0:02:09]} 27. b4
{[%clk 0:01:24]} h6 {[%clk 0:02:09]} 28. b5 {[%clk 0:01:24]} Bb7 {[%clk 0:02:10]}
29. Kd4 {[%clk 0:01:25]} f6 {[%clk 0:02:09]} 30. a4 {[%clk 0:01:06]} e5+
{[%clk 0:02:10]} 31. fxe5+ {[%clk 0:01:07]} fxe5+ {[%clk 0:02:11]} 32. Ke3
{[%clk 0:01:08]} Kc5 {[%clk 0:02:06]} 33. Bb3 {[%clk 0:01:07]} Kb4
{[%clk 0:02:04]} 34. Bd1 {[%clk 0:01:08]} a6 {[%clk 0:02:05]} 35. bxa6
{[%clk 0:01:08]} Bxa6 {[%clk 0:02:06]} 36. Ke4 {[%clk 0:01:09]} Bb7+
{[%clk 0:01:56]} 37. Kxe5 {[%clk 0:01:09]} Bc6 {[%clk 0:01:58]} 38. Ke6
{[%clk 0:01:08]} g6 {[%clk 0:01:53]} 39. Kf6 {[%clk 0:01:07]} Be4
{[%clk 0:01:54]} 40. Kg7 {[%clk 0:01:04]} h5 {[%clk 0:01:54]} 41. Kh6
{[%clk 0:01:02]} Bf5 {[%clk 0:01:52]} 42. Kg5 {[%clk 0:01:02]} Ka5
{[%clk 0:01:53]} 43. Bxh5 {[%clk 0:01:03]} Bh3 {[%clk 0:01:44]} 44. Bxg6
{[%clk 0:01:01]} Kxa4 {[%clk 0:01:45]} 45. Bf5 {[%clk 0:01:02]} Bg2
{[%clk 0:01:44]} 46. h4 {[%clk 0:01:03]} Kb5 {[%clk 0:01:45]} 47. h5
{[%clk 0:01:04]} Bd5 {[%clk 0:01:46]} 48. h6 {[%clk 0:01:03]} Bg8
{[%clk 0:01:47]} 49. h7 {[%clk 0:01:04]} Bxh7 50. Bxh7 {[%clk 0:01:04]} Kc6
{[%clk 0:01:48]} 51. Kf6 {[%clk 0:01:05]} Kd7 {[%clk 0:01:49]} 52. g4
{[%clk 0:01:05]} Ke8 {[%clk 0:01:51]} 53. Kg7 {[%clk 0:01:05]} Ke7
{[%clk 0:01:52]} 54. g5 {[%clk 0:01:06]} Ke8 {[%clk 0:01:53]} 55. g6
{[%clk 0:01:07]} Ke7 {[%clk 0:01:55]} 56. Kh8 {[%clk 0:01:07]} Kf8
{[%clk 0:01:47]} 57. g7+ {[%clk 0:01:08]} Ke7 {[%clk 0:01:46]} 58. g8=Q
{[%clk 0:01:08]} Kd7 {[%clk 0:01:48]} 59. Qd5+ {[%clk 0:01:08]} Kc7
{[%clk 0:01:49]} 60. Qe6 {[%clk 0:01:09]} Kb7 {[%clk 0:01:50]} 61. Be4+
{[%clk 0:01:09]} Kb8 {[%clk 0:01:46]} 62. Qe7 {[%clk 0:01:09]} Kc8
{[%clk 0:01:46]} 63. Bc6 {[%clk 0:01:08]} Kb8 {[%clk 0:01:46]} 64. Qb7#
{[%clk 0:01:09]} 1-0

[Event "C10"]
[Site "?"]
[Date "2020.08.30"]
[Round "7.1"]
[White "Chomicki, Kornel"]
[Black "Lecki, Leonard"]
[Result "0-1"]
[BlackElo "1068"]
[WhiteElo "1164"]
[LiveChessVersion "1.4.8"]

1. e4 {[%clk 0:03:03]} e6 {[%clk 0:03:04]} 2. d4 {[%clk 0:03:03]} d5
{[%clk 0:03:05]} 3. e5 {[%clk 0:03:03]} c5 {[%clk 0:03:06]} 4. Nf3
{[%clk 0:03:03]} Nc6 {[%clk 0:03:07]} 5. c3 {[%clk 0:03:03]} Qb6 {[%clk 0:03:07]}
6. Na3 {[%clk 0:02:58]} Nge7 {[%clk 0:02:54]} 7. Nc2 {[%clk 0:02:59]} h5
{[%clk 0:02:51]} 8. Be2 {[%clk 0:02:40]} Nf5 {[%clk 0:02:50]} 9. O-O
{[%clk 0:02:35]} Bd7 {[%clk 0:02:45]} 10. a3 {[%clk 0:02:22]} c4 {[%clk 0:02:45]}
11. Rb1 {[%clk 0:02:18]} Na5 {[%clk 0:02:44]} 12. Ne3 {[%clk 0:02:15]} Nxe3
{[%clk 0:02:41]} 13. Bxe3 {[%clk 0:02:16]} Nb3 {[%clk 0:02:42]} 14. Nd2
{[%clk 0:02:14]} Ba4 {[%clk 0:02:42]} 15. Nxb3 {[%clk 0:02:10]} Bxb3
{[%clk 0:02:38]} 16. Qd2 {[%clk 0:02:10]} Rc8 {[%clk 0:02:32]} 17. f4
{[%clk 0:02:07]} g6 {[%clk 0:02:31]} 18. h3 {[%clk 0:01:55]} h4 {[%clk 0:02:31]}
19. Kh2 {[%clk 0:01:28]} Be7 {[%clk 0:02:31]} 20. Bf2 {[%clk 0:01:15]} Qb5
{[%clk 0:02:29]} 21. Bg4 {[%clk 0:00:54]} Rc6 {[%clk 0:02:23]} 22. Rfe1
{[%clk 0:00:52]} Rb6 {[%clk 0:02:22]} 23. Re2 {[%clk 0:00:51]} Qa4
{[%clk 0:02:09]} 24. Rg1 {[%clk 0:00:23]} Kd7 {[%clk 0:01:51]} 25. Ra1
{[%clk 0:00:14]} Qc6 {[%clk 0:01:41]} 26. Ree1 {[%clk 0:00:13]} Ba4
{[%clk 0:01:40]} 27. Bd1 {[%clk 0:00:12]} Bxd1 {[%clk 0:01:40]} 28. Rexd1
{[%clk 0:00:10]} Rb3 {[%clk 0:01:41]} 29. Rdc1 {[%clk 0:00:08]} Qb5
{[%clk 0:01:39]} 30. Rc2 {[%clk 0:00:09]} Qa4 {[%clk 0:01:29]} 31. Ra2
{[%clk 0:00:07]} Rc8 {[%clk 0:01:23]} 32. g3 {[%clk 0:00:06]} hxg3+
{[%clk 0:01:23]} 33. Kxg3 {[%clk 0:00:05]} Rc6 {[%clk 0:01:19]} 34. Kg4
{[%clk 0:00:03]} Rcb6 {[%clk 0:01:17]} 35. Bh4 {[%clk 0:00:04]} Bxh4
{[%clk 0:01:10]} 36. Kxh4 Qb5 {[%clk 0:01:05]} 37. Kg4 {[%clk 0:00:03]} a5
{[%clk 0:00:59]} 38. Kg3 {[%clk 0:00:03]} a4 {[%clk 0:01:00]} 39. h4
{[%clk 0:00:04]} Qa5 {[%clk 0:00:59]} 40. Kg4 {[%clk 0:00:04]} Qa8
{[%clk 0:00:59]} 41. Kg3 {[%clk 0:00:04]} Qh8 {[%clk 0:00:58]} 42. Qe2
{[%clk 0:00:04]} Qh6 {[%clk 0:00:53]} 43. Qg4 {[%clk 0:00:06]} Ke8
{[%clk 0:00:45]} 44. Qg5 {[%clk 0:00:04]} Qxg5+ {[%clk 0:00:39]} 45. hxg5 Kf8 0-1

[Event "C10"]
[Site "?"]
[Date "2020.08.30"]
[Round "7.2"]
[White "Witczak, Borys"]
[Black "Wojtacha, Krzysztof"]
[Result "0-1"]
[BlackElo "1445"]
[WhiteElo "1053"]
[LiveChessVersion "1.4.8"]

1. e4 {[%clk 0:03:03]} c5 {[%clk 0:03:04]} 2. Nf3 {[%clk 0:03:04]} e6
{[%clk 0:03:05]} 3. d4 {[%clk 0:03:05]} cxd4 {[%clk 0:03:06]} 4. Nxd4
{[%clk 0:03:06]} a6 {[%clk 0:03:07]} 5. Nc3 {[%clk 0:03:07]} Qc7 6. Be3
{[%clk 0:03:06]} Nf6 {[%clk 0:03:08]} 7. f3 {[%clk 0:03:07]} Bb4 {[%clk 0:03:09]}
8. Qd2 {[%clk 0:02:56]} d5 {[%clk 0:03:10]} 9. O-O-O {[%clk 0:02:12]} Bxc3
{[%clk 0:03:07]} 10. Qxc3 {[%clk 0:02:09]} Qxc3 {[%clk 0:03:06]} 11. bxc3
{[%clk 0:02:09]} dxe4 {[%clk 0:03:06]} 12. fxe4 {[%clk 0:01:56]} Nxe4
{[%clk 0:03:07]} 13. Kb2 {[%clk 0:01:56]} Nc6 {[%clk 0:02:54]} 14. Bd3
{[%clk 0:01:51]} Nc5 {[%clk 0:02:52]} 15. Be2 {[%clk 0:01:25]} Nxd4
{[%clk 0:02:38]} 16. Bxd4 {[%clk 0:01:26]} Ne4 {[%clk 0:02:24]} 17. Bf3
{[%clk 0:01:22]} Nf6 {[%clk 0:02:16]} 18. Bb6 {[%clk 0:01:14]} O-O
{[%clk 0:02:08]} 19. Rd2 {[%clk 0:01:12]} Nd7 {[%clk 0:02:05]} 20. Be3
{[%clk 0:01:07]} Ne5 {[%clk 0:02:03]} 21. Be2 {[%clk 0:01:02]} b5
{[%clk 0:01:56]} 22. Rhd1 {[%clk 0:00:52]} Bb7 {[%clk 0:01:48]} 23. Bf4
{[%clk 0:00:49]} Nc4+ {[%clk 0:01:44]} 24. Bxc4 {[%clk 0:00:49]} bxc4
{[%clk 0:01:44]} 25. g3 {[%clk 0:00:46]} Bd5 {[%clk 0:01:44]} 26. a4
{[%clk 0:00:31]} Ra7 {[%clk 0:01:39]} 27. Ka3 {[%clk 0:00:21]} Rb7
{[%clk 0:01:38]} 28. Bd6 {[%clk 0:00:13]} Rc8 {[%clk 0:01:36]} 29. Be5
{[%clk 0:00:10]} Rc6 {[%clk 0:01:34]} 30. Bd4 {[%clk 0:00:10]} f6
{[%clk 0:01:24]} 31. Be3 {[%clk 0:00:07]} Rcc7 {[%clk 0:01:13]} 32. Bf4
{[%clk 0:00:05]} Rd7 {[%clk 0:01:12]} 33. Be3 {[%clk 0:00:06]} Rd8
{[%clk 0:00:56]} 34. Bf4 {[%clk 0:00:06]} g5 {[%clk 0:00:52]} 35. Be3
{[%clk 0:00:06]} Rdb8 {[%clk 0:00:49]} 36. Bc5 {[%clk 0:00:07]} Rb1
{[%clk 0:00:43]} 37. Bb4 {[%clk 0:00:05]} Rxd1 {[%clk 0:00:36]} 38. Rxd1
{[%clk 0:00:06]} Kg7 {[%clk 0:00:27]} 39. Bd6 {[%clk 0:00:05]} Rb7
{[%clk 0:00:26]} 40. Bb4 {[%clk 0:00:06]} Kg6 {[%clk 0:00:27]} 41. g4
{[%clk 0:00:06]} h5 {[%clk 0:00:24]} 42. h3 {[%clk 0:00:07]} hxg4
{[%clk 0:00:23]} 43. hxg4 {[%clk 0:00:08]} f5 {[%clk 0:00:22]} 44. gxf5+
{[%clk 0:00:09]} Kxf5 {[%clk 0:00:23]} 45. Rf1+ {[%clk 0:00:10]} Kg4
{[%clk 0:00:20]} 46. Rg1+ {[%clk 0:00:10]} Kh5 {[%clk 0:00:15]} 47. Rf1
{[%clk 0:00:06]} g4 {[%clk 0:00:12]} 48. Bc5 {[%clk 0:00:07]} Kh4
{[%clk 0:00:12]} 49. Bf2+ {[%clk 0:00:07]} g3 {[%clk 0:00:11]} 50. Be3
{[%clk 0:00:06]} g2 {[%clk 0:00:12]} 51. Rg1 {[%clk 0:00:05]} Kg3
{[%clk 0:00:12]} 52. Bd4 {[%clk 0:00:05]} Rf7 {[%clk 0:00:12]} 53. Bc5
{[%clk 0:00:05]} Rf1 {[%clk 0:00:10]} 54. Bd4 {[%clk 0:00:03]} Rxg1
{[%clk 0:00:08]} 55. Bxg1 Kf3 {[%clk 0:00:08]} 56. Bd4 {[%clk 0:00:05]} Ke2
{[%clk 0:00:08]} 57. Kb4 {[%clk 0:00:06]} Kf1 {[%clk 0:00:09]} 58. Ka5
{[%clk 0:00:08]} g1=Q {[%clk 0:00:07]} 59. Bxg1 {[%clk 0:00:09]} Kxg1
{[%clk 0:00:08]} 60. Kxa6 {[%clk 0:00:09]} e5 {[%clk 0:00:09]} 61. Kb5
{[%clk 0:00:10]} e4 {[%clk 0:00:10]} 62. Kc5 {[%clk 0:00:11]} Ba8
{[%clk 0:00:11]} 63. Kd4 {[%clk 0:00:11]} Kf2 {[%clk 0:00:12]} 64. Kxc4
{[%clk 0:00:10]} e3 {[%clk 0:00:13]} 65. Kd3 {[%clk 0:00:10]} e2 {[%clk 0:00:14]}
66. c4 {[%clk 0:00:12]} e1=Q {[%clk 0:00:13]} 67. c5 {[%clk 0:00:12]} Qe4+
{[%clk 0:00:11]} 68. Kc3 {[%clk 0:00:13]} Qd5 {[%clk 0:00:11]} 69. Kb4
{[%clk 0:00:15]} Bc6 {[%clk 0:00:11]} 70. c4 {[%clk 0:00:16]} Qd2+
{[%clk 0:00:11]} 71. Kb3 {[%clk 0:00:14]} Qd3+ {[%clk 0:00:08]} 72. Kb2
{[%clk 0:00:14]} Qxc4 {[%clk 0:00:08]} 73. Kb1 {[%clk 0:00:15]} Qxa4
{[%clk 0:00:08]} 74. Kb2 Qb4+ {[%clk 0:00:09]} 75. Kc2 {[%clk 0:00:17]} Qxc5+
{[%clk 0:00:09]} 76. Kb3 {[%clk 0:00:18]} Bb5 {[%clk 0:00:08]} 77. Kb2
{[%clk 0:00:19]} Qe3 {[%clk 0:00:09]} 78. Kc2 {[%clk 0:00:19]} Ba4+
{[%clk 0:00:09]} 79. Kb2 {[%clk 0:00:20]} Qb3+ {[%clk 0:00:10]} 80. Ka1
{[%clk 0:00:20]} Qd1+ {[%clk 0:00:08]} 81. Kb2 {[%clk 0:00:21]} Qd2+
{[%clk 0:00:07]} 82. Ka3 {[%clk 0:00:22]} Qd4 {[%clk 0:00:06]} 83. Ka2
{[%clk 0:00:22]} Bb3+ {[%clk 0:00:06]} 84. Kxb3 {[%clk 0:00:22]} Ke3
{[%clk 0:00:07]} 85. Kc2 {[%clk 0:00:23]} Qc4+ {[%clk 0:00:08]} 86. Kb2
{[%clk 0:00:24]} Qd3 {[%clk 0:00:09]} 87. Ka1 {[%clk 0:00:25]} Qd2
{[%clk 0:00:10]} 88. Kb1 {[%clk 0:00:26]} Kd3 {[%clk 0:00:10]} 89. Ka1
{[%clk 0:00:28]} Kc3 {[%clk 0:00:11]} 90. Kb1 {[%clk 0:00:29]} Qb2#
{[%clk 0:00:12]} 0-1

[Event "C10"]
[Site "?"]
[Date "2020.08.30"]
[Round "7.4"]
[White "Sowinski, Pawel"]
[Black "Bieronski, Nikodem"]
[Result "1-0"]
[BlackElo "1084"]
[WhiteElo "1527"]
[LiveChessVersion "1.4.8"]

1. c4 e6 2. Nc3 Nf6 3. g3 g6 4. Bg2 Bg7 5. d4 O-O 6. e4 d6 7. Nge2 Nbd7 8. O-O
Nb6 9. b3 d5 10. c5 Nbd7 11. exd5 exd5 12. Nxd5 Nxd5 13. Bxd5 Nxc5 14. Bg2 Bf5
15. Be3 Ne4 16. g4 Bxg4 17. Bxe4 Re8 18. Bg2 Bxe2 19. Qxe2 Bxd4 20. Rad1 Qf6 21.
Bxd4 Qxd4 22. Qxe8+ Rxe8 23. Rxd4 c6 24. Rd7 Rb8 25. Re1 Kg7 26. Ree7 Rf8 27.
Rxb7 h5 28. Bxc6 Kh6 29. Rxf7 Rc8 30. Rbc7 Rd8 31. Rh7+ Kg5 32. Rhg7 Rd6 33. Be8
h4 34. Rxg6+ Kf4 35. Rf7+ Ke5 36. Rxd6 Kxd6 37. f4 Kd5 38. f5 Kd4 39. f6 Kc3 40.
Rc7+ Kb2 41. f7 Kxa2 42. f8=Q Kxb3 43. Rb7+ Ka2 44. Qf2+ Ka3 45. Qb2# 1-0